000 00238 a2200097 4500
020 _a9789390681716
100 _aSubrahmanian Kuttikkol
245 _aChyavanaparvam(ച്യവനപർവ്വം)
260 _bSPCS
_c2021
942 _cOO
999 _c115429
_d115428